Kilimanjaro International Airport Destinations (Kilimanjaro, Tanzania) - Statistics

General Stats
  • This quiz has been taken 53 times
    21 since last reset
  • The average score is 7 of 8
Answer Stats
Airline Destination % Correct
Ethiopian Airlines Addis Ababa
100%
Brussels Airlines Brussels
100%
flydubai Dubai (International)
100%
Turkish Airlines Istanbul
100%
Kenya Airways Nairobi (Jomo Kenyatta)
100%
Air France Paris (Charles de Gaulle)
100%
Air Tanzania/Uganda Airlines Entebbe
74%
Neos Milan (Malpensa)
53%
No matching quizzes found
Score Distribution
Percent of People with Each Score
Percentile by Number Answered
Your Score History
You have not taken this quiz since the last reset